| 000 | 00354nam a2200133Ia 4500 | ||
|---|---|---|---|
| 008 | 221030s9999 xx 000 0 und d | ||
| 041 | _aEnglish | ||
| 082 | _a105.23 | ||
| 100 | _aB S Chhabra | ||
| 245 | 4 |
_aThe Intel 8086/8088 Microprocessor Architecture Programming Design AND Interfacing _cby B S Chhabra |
|
| 260 | _c0 | ||
| 650 | _aMc | ||
| 942 | _cBK | ||
| 999 |
_c10957 _d10957 |
||